[Event "Stay Safe Play From Home slow tournament"]
[Site "Emanuel Lasker Arena"]
[Date "2020.08.29"]
[Round "1"]
[White "Aadi3110theking"]
[Black "Ulff"]
[Result "1-0"]
[WhiteElo "2070"]
[BlackElo "1839"]
[Annotator "NA"]
[PlyCount "41"]
[EventDate "2020.08.29"]
[EventType "swiss (rapid)"]

1. Nf3 {[%emt 0:00:02]} Nf6 {[%emt 0:00:12]} 2. c4 {[%emt 0:00:08]} e6 {[%emt 0:00:03]} 3. g3 {[%emt 0:00:04]} d5 {[%emt 0:00:04]} 4. b3 {[%emt 0:00:12]} c5 {[%emt 0:00:11]} 5. Bb2 {[%emt 0:00:05]} Nc6 {[%emt 0:00:11]} 6. e3 {[%emt 0:00:13]} d4 {[%emt 0:00:26]} 7. exd4 {[%emt 0:00:14]} cxd4 {[%emt 0:00:05]} 8. d3 {[%emt 0:00:26]} e5 {[%emt 0:00:10]} 9. Nbd2 {[%emt 0:00:03]} Bd6 {[%emt 0:00:21]} 10. Bg2 {[%emt 0:00:04]} O-O {[%emt 0:00:04]} 11. O-O {[%emt 0:00:03]} Re8 {[%emt 0:00:04]} 12. Re1 {[%emt 0:00:14]} Bf5 {[%emt 0:01:39]} 13. Ne4 {[%emt 0:00:16]} Nxe4 {[%emt 0:00:12]} 14. dxe4 {[%emt 0:00:03]} Bg4 {[%emt 0:00:11]} 15. a3 {[%emt 0:00:40]} a5 {[%emt 0:00:09]} 16. Rf1 {[%emt 0:00:22]} Qd7 {[%emt 0:00:28]} 17. Qd3 {[%emt 0:00:07]} h6 {[%emt 0:00:06]} 18. Ne1 {[%emt 0:00:07]} Bh3 {[%emt 0:00:12]} 19. Qd2 {[%emt 0:00:04]} g5 {[%emt 0:00:16]} 20. Nd3 {[%emt 0:00:11]} f5 {[%emt 0:00:27]} 21. Bxh3 {[%emt 0:00:09] Ulff resigns Ulff resigns Ulff resigns (Lag: Av=1.72s, max=2.5s) (Lag: Av=1.72s, max=2.5s) (Lag: Av=1.72s, max=2.5s)} 1-0

[Event "Stay Safe Play From Home slow tournament"]
[Site "Emanuel Lasker Arena"]
[Date "2020.08.29"]
[Round "1"]
[White "B1b"]
[Black "Watchel"]
[Result "1-0"]
[WhiteElo "1999"]
[BlackElo "1813"]
[Annotator "NA"]
[PlyCount "55"]
[EventDate "2020.08.29"]
[EventType "swiss (rapid)"]

1. e4 {[%emt 0:00:25]} d5 {[%emt 0:00:02]} 2. exd5 {[%emt 0:00:14]} Qxd5 {[%emt 0:00:02]} 3. Nc3 {[%emt 0:00:04]} Qa5 {[%emt 0:00:02]} 4. Nf3 {[%emt 0:00:08]} Nf6 {[%emt 0:00:01]} 5. d4 {[%emt 0:00:03]} c6 {[%emt 0:00:01]} 6. Bd3 {[%emt 0:00:04]} Bf5 {[%emt 0:00:02]} 7. Ne5 {[%emt 0:00:20]} Bxd3 {[%emt 0:00:03]} 8. Qxd3 {[%emt 0:00:00]} e6 {[%emt 0:00:03]} 9. Bg5 {[%emt 0:00:08]} Nbd7 {[%emt 0:00:03]} 10. Nxd7 {[%emt 0:00:28]} Nxd7 {[%emt 0:00:12]} 11. Bd2 {[%emt 0:00:09]} Qb6 {[%emt 0:00:23]} 12. O-O {[%emt 0:00:16]} Bd6 {[%emt 0:00:04]} 13. Ne4 {[%emt 0:00:12]} Be7 {[%emt 0:00:10]} 14. Bf4 {[%emt 0:00:26]} Nf6 {[%emt 0:00:04]} 15. Nd6+ {[%emt 0:00:08]} Bxd6 {[%emt 0:00:14]} 16. Bxd6 {[%emt 0:00:02]} Qd8 {[%emt 0:00:04]} 17. Ba3 {[%emt 0:00:12]} Qd5 {[%emt 0:00:03]} 18. c4 {[%emt 0:00:08]} Qh5 {[%emt 0:00:04]} 19. Qb3 {[%emt 0:00:12]} O-O-O {[%emt 0:00:04]} 20. Qa4 {[%emt 0:00:18]} Kb8 {[%emt 0:00:14]} 21. Rad1 {[%emt 0:00:21]} Ng4 {[%emt 0:00:09]} 22. h3 {[%emt 0:00:10]} Nf6 {[%emt 0:00:05]} 23. Rfe1 {[%emt 0:00:07]} Qh4 {[%emt 0:00:07]} 24. Rd3 {[%emt 0:02:43]} Rxd4 {[%emt 0:00:18]} 25. Bd6+ {[%emt 0:01:02]} Ka8 {[%emt 0:00:19]} 26. Bc5 {[%emt 0:00:18]} a6 {[%emt 0:00:24]} 27. Rxd4 {[%emt 0:00:08]} Qg5 {[%emt 0:00:05]} 28. Qb4 {[%emt 0:00:12] Watchel gibt auf Watchel gibt auf Watchel gibt auf (Lag: Av=0.42s, max=1.4s) (Lag: Av=0.42s, max=1.4s) (Lag: Av=0.42s, max=1.4s)} 1-0

[Event "Stay Safe Play From Home slow tournament"]
[Site "Emanuel Lasker Arena"]
[Date "2020.08.29"]
[Round "1"]
[White "Ghilea75"]
[Black "Vinter"]
[Result "1-0"]
[WhiteElo "1991"]
[BlackElo "1733"]
[Annotator "NA"]
[PlyCount "57"]
[EventDate "2020.08.29"]
[EventType "swiss (rapid)"]

1. e4 {[%emt 0:00:06]} c6 {[%emt 0:00:12]} 2. Nc3 {[%emt 0:00:05]} d5 {[%emt 0:00:18]} 3. d4 {[%emt 0:00:03]} dxe4 {[%emt 0:00:09]} 4. Nxe4 {[%emt 0:00:02]} Bf5 {[%emt 0:00:07]} 5. Ng3 {[%emt 0:00:07]} Bg6 {[%emt 0:00:03]} 6. h4 {[%emt 0:00:05]} h6 {[%emt 0:00:10]} 7. Nf3 {[%emt 0:00:07]} Nd7 {[%emt 0:00:24]} 8. h5 {[%emt 0:00:08]} Bh7 {[%emt 0:00:17]} 9. Bc4 {[%emt 0:00:20]} e6 {[%emt 0:00:49]} 10. Be3 {[%emt 0:00:08]} Ngf6 {[%emt 0:01:02]} 11. Qd2 {[%emt 0:00:08]} Be7 {[%emt 0:02:01]} 12. O-O-O {[%emt 0:00:15]} b5 {[%emt 0:00:08]} 13. Bd3 {[%emt 0:00:06]} Bxd3 {[%emt 0:00:15]} 14. Qxd3 {[%emt 0:00:02]} Qa5 {[%emt 0:00:25]} 15. Kb1 {[%emt 0:00:08]} Nd5 {[%emt 0:01:19]} 16. Bd2 {[%emt 0:00:12]} b4 {[%emt 0:01:19]} 17. c4 {[%emt 0:00:55]} bxc3 {[%emt 0:00:28]} 18. Bxc3 {[%emt 0:00:04]} Nxc3+ {[%emt 0:00:33]} 19. Qxc3 {[%emt 0:00:04]} Bb4 {[%emt 0:01:12]} 20. Qxc6 {[%emt 0:00:14]} Rb8 {[%emt 0:01:55]} 21. Ne5 {[%emt 0:00:11]} O-O {[%emt 0:01:27]} 22. Nxd7 {[%emt 0:00:13]} Rfc8 {[%emt 0:00:17]} 23. Nxb8 {[%emt 0:00:15]} Rxb8 {[%emt 0:00:55]} 24. Rd3 {[%emt 0:00:19]} Ba3 {[%emt 0:00:32]} 25. Rb3 {[%emt 0:01:00]} Rxb3 {[%emt 0:00:44]} 26. Qc8+ {[%emt 0:00:13]} Kh7 {[%emt 0:00:03]} 27. Qc2+ {[%emt 0:00:04]} Kh8 {[%emt 0:00:05]} 28. Qxb3 {[%emt 0:00:04]} Bxb2 {[%emt 0:00:03]} 29. Qxb2 {[%emt 0:00:06] Vinter resigns Vinter resigns Vinter resigns (Lag: Av=0.51s, max=1.5s) (Lag: Av=0.51s, max=1.5s) (Lag: Av=0.51s, max=1.5s)} 1-0

[Event "Stay Safe Play From Home slow tournament"]
[Site "Emanuel Lasker Arena"]
[Date "2020.08.29"]
[Round "1"]
[White "Sadbat1122"]
[Black "GMONIK"]
[Result "1-0"]
[WhiteElo "1873"]
[BlackElo "1620"]
[Annotator "NA"]
[PlyCount "93"]
[EventDate "2020.08.29"]
[EventType "swiss (rapid)"]

1. e4 {[%emt 0:00:05]} d5 {[%emt 0:00:09]} 2. exd5 {[%emt 0:00:02]} Qxd5 {[%emt 0:00:02]} 3. Nf3 {[%emt 0:00:02]} Nf6 {[%emt 0:00:05]} 4. Nc3 {[%emt 0:00:02]} Qa5 {[%emt 0:00:04]} 5. Be2 {[%emt 0:00:02]} Bf5 {[%emt 0:00:03]} 6. O-O {[%emt 0:00:03]} e6 {[%emt 0:00:01]} 7. Bb5+ {[%emt 0:00:06]} c6 {[%emt 0:00:03]} 8. Ba4 {[%emt 0:00:07]} Be7 {[%emt 0:00:18]} 9. Nd4 {[%emt 0:00:07]} Bg6 {[%emt 0:00:05]} 10. Qf3 {[%emt 0:00:19]} O-O {[%emt 0:00:16]} 11. Re1 {[%emt 0:00:04]} Nd5 {[%emt 0:00:07]} 12. Bb3 {[%emt 0:00:17]} Nxc3 {[%emt 0:00:13]} 13. dxc3 {[%emt 0:00:06]} Nd7 {[%emt 0:00:01]} 14. Qg3 {[%emt 0:00:11]} Rac8 {[%emt 0:00:32]} 15. Nxe6 {[%emt 0:00:08]} fxe6 {[%emt 0:00:17]} 16. Bxe6+ {[%emt 0:00:02]} Kh8 {[%emt 0:00:01]} 17. Bxd7 {[%emt 0:00:02]} Bc5 {[%emt 0:00:36]} 18. Be3 {[%emt 0:00:27]} Bxe3 {[%emt 0:00:14]} 19. Rxe3 {[%emt 0:00:05]} Rcd8 {[%emt 0:00:02]} 20. Bg4 {[%emt 0:00:16]} Bxc2 {[%emt 0:00:23]} 21. h4 {[%emt 0:00:22]} Qb6 {[%emt 0:00:07]} 22. b4 {[%emt 0:00:07]} Rd2 {[%emt 0:00:38]} 23. Rf3 {[%emt 0:00:13]} Rxf3 {[%emt 0:00:29]} 24. Qxf3 {[%emt 0:00:07]} Qd8 {[%emt 0:00:09]} 25. Rf1 {[%emt 0:00:13]} Ba4 {[%emt 0:00:06]} 26. h5 {[%emt 0:00:16]} Rxa2 {[%emt 0:00:35]} 27. Be6 {[%emt 0:00:07]} Rd2 {[%emt 0:00:11]} 28. Qf4 {[%emt 0:00:07]} Rd1 {[%emt 0:00:18]} 29. Bc4 {[%emt 0:00:32]} b5 {[%emt 0:01:14]} 30. Be2 {[%emt 0:00:05]} Rd2 {[%emt 0:00:06]} 31. Bf3 {[%emt 0:00:23]} Rd3 {[%emt 0:00:40]} 32. h6 {[%emt 0:00:04]} gxh6 {[%emt 0:00:11]} 33. Bxc6 {[%emt 0:00:28]} Rd1 {[%emt 0:00:39]} 34. Qe5+ {[%emt 0:00:30]} Kg8 {[%emt 0:00:06]} 35. Rxd1 {[%emt 0:00:05]} Qxd1+ {[%emt 0:00:03]} 36. Kh2 {[%emt 0:00:02]} Qd8 {[%emt 0:00:48]} 37. Bd5+ {[%emt 0:00:09]} Kf8 {[%emt 0:00:04]} 38. Qh8+ {[%emt 0:00:07]} Ke7 {[%emt 0:00:04]} 39. Qxh7+ {[%emt 0:00:02]} Kd6 {[%emt 0:00:00]} 40. Qe4 {[%emt 0:00:26]} Qf6 {[%emt 0:00:09]} 41. f4 {[%emt 0:00:45]} Qxc3 {[%emt 0:01:02]} 42. Qe6+ {[%emt 0:00:10]} Kc7 {[%emt 0:00:00]} 43. Qe7+ {[%emt 0:00:13]} Kc8 {[%emt 0:00:28]} 44. Be6+ {[%emt 0:00:13]} Kb8 {[%emt 0:00:03]} 45. Qd8+ {[%emt 0:00:07]} Kb7 {[%emt 0:00:10]} 46. Bd5+ {[%emt 0:00:06]} Ka6 {[%emt 0:00:19]} 47. Qa5# {[%emt 0:00:06] (Lag: Av=1.39s, max=4.8s) (Lag: Av=1.39s, max=4.8s) (Lag: Av=1.39s, max=4.8s)} 1-0

[Event "Stay Safe Play From Home slow tournament"]
[Site "Emanuel Lasker Arena"]
[Date "2020.08.29"]
[Round "1"]
[White "Roefe Detlef"]
[Black "Phildieu"]
[Result "1-0"]
[WhiteElo "1842"]
[BlackElo "1561"]
[Annotator "NA"]
[PlyCount "41"]
[EventDate "2020.08.29"]
[EventType "swiss (rapid)"]

1. d4 {[%emt 0:00:06]} Nf6 {[%emt 0:00:06]} 2. Nf3 {[%emt 0:00:02]} e6 {[%emt 0:00:05]} 3. c4 {[%emt 0:00:02]} d5 {[%emt 0:00:03]} 4. Nc3 {[%emt 0:00:03]} Be7 {[%emt 0:00:08]} 5. Bf4 {[%emt 0:00:04]} Bd7 {[%emt 0:00:11]} 6. e3 {[%emt 0:00:02]} O-O {[%emt 0:00:05]} 7. Bd3 {[%emt 0:00:01]} a6 {[%emt 0:00:11]} 8. O-O {[%emt 0:00:03]} Bc8 {[%emt 0:00:09]} 9. h3 {[%emt 0:00:03]} Nbd7 {[%emt 0:00:01]} 10. e4 {[%emt 0:00:03]} dxe4 {[%emt 0:00:09]} 11. Nxe4 {[%emt 0:00:02]} c6 {[%emt 0:00:39]} 12. Bc2 {[%emt 0:00:10]} Nb6 {[%emt 0:00:03]} 13. Qd3 {[%emt 0:00:05]} Nxe4 {[%emt 0:01:03]} 14. Qxe4 {[%emt 0:00:02]} f5 {[%emt 0:00:01]} 15. Qd3 {[%emt 0:00:03]} g6 {[%emt 0:00:13]} 16. Ne5 {[%emt 0:00:06]} Bf6 {[%emt 0:00:20]} 17. Rad1 {[%emt 0:00:08]} Bg7 {[%emt 0:00:13]} 18. b3 {[%emt 0:00:03]} a5 {[%emt 0:00:09]} 19. Qg3 {[%emt 0:00:05]} Qe7 {[%emt 0:00:34]} 20. h4 {[%emt 0:00:12]} Qf6 {[%emt 0:00:58]} 21. Bg5 {[%emt 0:00:03] Phildieu resigns Phildieu resigns Phildieu resigns (Lag: Av=0.36s, max=1.0s) (Lag: Av=0.36s, max=1.0s) (Lag: Av=0.36s, max=1.0s)} 1-0

[Event "Stay Safe Play From Home slow tournament"]
[Site "Emanuel Lasker Arena"]
[Date "2020.08.29"]
[Round "1"]
[White "Action26"]
[Black "Chesstiger9"]
[Result "1-0"]
[WhiteElo "1822"]
[BlackElo "2014"]
[Annotator "NA"]
[PlyCount "101"]
[EventDate "2020.08.29"]
[EventType "swiss (rapid)"]

{- Volkov, Yuri} 1. d4 {[%emt 0:00:02]} Nf6 {[%emt 0:00:12]} 2. c4 {[%emt 0:00:03]} e6 {[%emt 0:00:03]} 3. g3 {[%emt 0:00:02]} Bb4+ {[%emt 0:00:02]} 4. Bd2 {[%emt 0:00:03]} Bxd2+ {[%emt 0:00:01]} 5. Nxd2 {[%emt 0:00:02]} d5 {[%emt 0:00:01]} 6. Bg2 {[%emt 0:00:01]} O-O {[%emt 0:00:01]} 7. Ngf3 {[%emt 0:00:02]} b6 {[%emt 0:00:01]} 8. O-O {[%emt 0:00:02]} Bb7 {[%emt 0:00:01]} 9. Qc2 {[%emt 0:00:01]} Nbd7 {[%emt 0:00:03]} 10. Rac1 {[%emt 0:00:01]} c5 {[%emt 0:00:01]} 11. cxd5 {[%emt 0:00:05]} exd5 {[%emt 0:00:11]} 12. dxc5 {[%emt 0:00:02]} bxc5 {[%emt 0:00:01]} 13. Rfd1 {[%emt 0:00:02]} Re8 {[%emt 0:00:10]} 14. e3 {[%emt 0:00:07]} Rc8 {[%emt 0:00:09]} 15. Nb1 {[%emt 0:00:13]} Ne4 {[%emt 0:00:09]} 16. Nc3 {[%emt 0:00:08]} Nxc3 {[%emt 0:00:10]} 17. Qxc3 {[%emt 0:00:03]} Nf6 {[%emt 0:00:01]} 18. Qa3 {[%emt 0:01:20]} Qb6 {[%emt 0:00:04]} 19. Nd2 {[%emt 0:00:28]} h6 {[%emt 0:00:34]} 20. Nb3 {[%emt 0:00:06]} c4 {[%emt 0:00:08]} 21. Nd4 {[%emt 0:00:04]} g6 {[%emt 0:00:20]} 22. Ne2 {[%emt 0:00:08]} Ne4 {[%emt 0:00:16]} 23. Bf3 {[%emt 0:02:02]} a6 {[%emt 0:01:37]} 24. Nf4 {[%emt 0:00:10]} g5 {[%emt 0:00:16]} 25. Nxd5 {[%emt 0:00:39]} Bxd5 {[%emt 0:03:12]} 26. Rxd5 {[%emt 0:00:07]} Qf6 {[%emt 0:01:22]} 27. Bxe4 {[%emt 0:01:02]} Rxe4 {[%emt 0:00:00]} 28. Rd6 {[%emt 0:00:28]} Re6 {[%emt 0:00:26]} 29. Rcd1 {[%emt 0:00:11]} Rce8 {[%emt 0:00:22]} 30. Qxa6 {[%emt 0:00:56]} Rxd6 {[%emt 0:00:20]} 31. Rxd6 {[%emt 0:00:29]} Qxb2 {[%emt 0:00:04]} 32. Qxc4 {[%emt 0:00:18]} Qb1+ {[%emt 0:01:02]} 33. Kg2 {[%emt 0:00:07]} Qb7+ {[%emt 0:00:03]} 34. Qc6 {[%emt 0:00:09]} Qxc6+ {[%emt 0:00:10]} 35. Rxc6 {[%emt 0:00:06]} Kg7 {[%emt 0:00:00]} 36. Rc1 {[%emt 0:00:08]} Rb8 {[%emt 0:00:03]} 37. Ra1 {[%emt 0:00:05]} Kf6 {[%emt 0:00:17]} 38. a4 {[%emt 0:00:03]} Rb6 {[%emt 0:00:02]} 39. Kf3 {[%emt 0:00:05]} Ke5 {[%emt 0:00:01]} 40. a5 {[%emt 0:00:02]} Ra6 {[%emt 0:00:02]} 41. g4 {[%emt 0:00:03]} Kd5 {[%emt 0:00:23]} 42. Ke2 {[%emt 0:00:18]} Kc4 {[%emt 0:00:04]} 43. Kd2 {[%emt 0:00:09]} Kb5 {[%emt 0:00:11]} 44. Kd3 {[%emt 0:00:04]} Rd6+ {[%emt 0:00:02]} 45. Ke4 {[%emt 0:00:05]} Ka6 {[%emt 0:00:01]} 46. Ra2 {[%emt 0:00:14]} Rd1 {[%emt 0:00:07]} 47. Kf5 {[%emt 0:00:08]} Rh1 {[%emt 0:00:01]} 48. f4 {[%emt 0:00:03]} gxf4 {[%emt 0:00:08]} 49. exf4 {[%emt 0:00:00]} Rf1 {[%emt 0:00:03]} 50. Ra4 {[%emt 0:00:11]} Kb5 {[%emt 0:00:08]} 51. a6 {[%emt 0:00:14] Chesstiger9 resigns Chesstiger9 resigns Chesstiger9 resigns (Lag: Av=0.63s, max=1.2s) (Lag: Av=0.63s, max=1.2s) (Lag: Av=0.63s, max=1.2s)} 1-0

[Event "Stay Safe Play From Home slow tournament"]
[Site "Emanuel Lasker Arena"]
[Date "2020.08.29"]
[Round "1"]
[White "Buff"]
[Black "Kongle"]
[Result "1-0"]
[WhiteElo "1773"]
[BlackElo "1991"]
[PlyCount "81"]
[EventDate "2020.08.29"]
[EventType "swiss (rapid)"]

1. e4 {[%emt 0:00:00]} d5 {[%emt 0:00:06]} 2. exd5 {[%emt 0:00:06]} Qxd5 {[%emt 0:00:08]} 3. d4 {[%emt 0:00:01]} Nc6 {[%emt 0:00:06]} 4. Nf3 {[%emt 0:00:02]} Bg4 {[%emt 0:00:03]} 5. Be2 {[%emt 0:00:02]} Nf6 {[%emt 0:00:05]} 6. h3 {[%emt 0:00:09]} Bh5 {[%emt 0:00:06]} 7. c4 {[%emt 0:00:12]} Qd7 {[%emt 0:00:17]} 8. Nc3 {[%emt 0:00:08]} e6 {[%emt 0:00:03]} 9. O-O {[%emt 0:00:03]} Bb4 {[%emt 0:00:06]} 10. a3 {[%emt 0:00:05]} Bxc3 {[%emt 0:00:03]} 11. bxc3 {[%emt 0:00:00]} h6 {[%emt 0:00:03]} 12. Be3 {[%emt 0:00:24]} O-O {[%emt 0:00:08]} 13. Nd2 {[%emt 0:00:11]} Bg6 {[%emt 0:00:06]} 14. Nf3 {[%emt 0:00:06]} Rad8 {[%emt 0:00:38]} 15. Qc1 {[%emt 0:00:33]} Na5 {[%emt 0:00:25]} 16. Ne5 {[%emt 0:00:10]} Qa4 {[%emt 0:00:33]} 17. Nxg6 {[%emt 0:00:15]} fxg6 {[%emt 0:00:04]} 18. Rb1 {[%emt 0:01:09]} c5 {[%emt 0:02:16]} 19. d5 {[%emt 0:01:43]} b6 {[%emt 0:01:34]} 20. Bd3 {[%emt 0:01:36]} g5 {[%emt 0:00:54]} 21. h4 {[%emt 0:01:02]} Ng4 {[%emt 0:01:39]} 22. hxg5 {[%emt 0:00:45]} Nxc4 {[%emt 0:00:49]} 23. gxh6 {[%emt 0:01:57]} Ngxe3 {[%emt 0:00:12]} 24. hxg7 {[%emt 0:00:42]} Rf6 {[%emt 0:00:43]} 25. fxe3 {[%emt 0:01:09]} Rxf1+ {[%emt 0:00:03]} 26. Bxf1 {[%emt 0:00:00]} Rxd5 {[%emt 0:00:15]} 27. e4 {[%emt 0:01:02]} Rd7 {[%emt 0:02:10]} 28. Qh6 {[%emt 0:00:44]} Rxg7 {[%emt 0:00:34]} 29. Qxe6+ {[%emt 0:00:03]} Kh7 {[%emt 0:00:02]} 30. Qxc4 {[%emt 0:00:21]} Qxa3 {[%emt 0:00:29]} 31. e5 {[%emt 0:00:30]} b5 {[%emt 0:00:33]} 32. Qh4+ {[%emt 0:00:03]} Kg8 {[%emt 0:00:05]} 33. Rxb5 {[%emt 0:00:20]} Qxc3 {[%emt 0:01:01]} 34. Bc4+ {[%emt 0:00:17]} Qxc4 {[%emt 0:00:59]} 35. Qxc4+ {[%emt 0:00:05]} Kh7 {[%emt 0:00:01]} 36. Qh4+ {[%emt 0:00:12]} Kg6 {[%emt 0:00:09]} 37. Qf6+ {[%emt 0:00:11]} Kh7 {[%emt 0:00:02]} 38. Rxc5 {[%emt 0:00:07]} Kh8 {[%emt 0:00:27]} 39. e6 {[%emt 0:00:10]} Kh7 {[%emt 0:00:14]} 40. e7 {[%emt 0:00:19]} a5 {[%emt 0:00:05]} 41. Rh5+ {[%emt 0:00:06] Time Time Time (Lag: Av=0.93s, max=2.6s) (Lag: Av=0.93s, max=2.6s) (Lag: Av=0.93s, max=2.6s)} 1-0

[Event "Stay Safe Play From Home slow tournament"]
[Site "Emanuel Lasker Arena"]
[Date "2020.08.29"]
[Round "1"]
[White "MSteim67"]
[Black "MartinKestler"]
[Result "1/2-1/2"]
[WhiteElo "1708"]
[BlackElo "1982"]
[Annotator "NA"]
[PlyCount "86"]
[EventDate "2020.08.29"]
[EventType "swiss (rapid)"]

1. d4 {[%emt 0:00:03]} d5 {[%emt 0:00:04]} 2. Nf3 {[%emt 0:00:04]} c5 {[%emt 0:00:06]} 3. e3 {[%emt 0:00:05]} Nf6 {[%emt 0:00:14]} 4. c3 {[%emt 0:00:05]} cxd4 {[%emt 0:00:10]} 5. exd4 {[%emt 0:00:02]} Qb6 {[%emt 0:00:09]} 6. Bd3 {[%emt 0:00:12]} Bg4 {[%emt 0:00:30]} 7. h3 {[%emt 0:00:23]} Bh5 {[%emt 0:00:07]} 8. O-O {[%emt 0:00:05]} e6 {[%emt 0:00:21]} 9. Nbd2 {[%emt 0:00:14]} Nbd7 {[%emt 0:01:39]} 10. Qc2 {[%emt 0:00:11]} Bg6 {[%emt 0:02:25]} 11. Re1 {[%emt 0:00:29]} Be7 {[%emt 0:00:21]} 12. Ne5 {[%emt 0:01:05]} Nxe5 {[%emt 0:00:10]} 13. dxe5 {[%emt 0:00:09]} Nd7 {[%emt 0:00:04]} 14. Nf3 {[%emt 0:00:57]} Nc5 {[%emt 0:02:51]} 15. Bxg6 {[%emt 0:00:35]} hxg6 {[%emt 0:00:00]} 16. Be3 {[%emt 0:00:02]} Qc7 {[%emt 0:00:30]} 17. Bxc5 {[%emt 0:01:03]} Bxc5 {[%emt 0:00:15]} 18. Nd4 {[%emt 0:00:47]} Bxd4 {[%emt 0:00:03]} 19. Qa4+ {[%emt 0:00:18]} Ke7 {[%emt 0:00:56]} 20. cxd4 {[%emt 0:00:15]} Qc4 {[%emt 0:00:09]} 21. Qxc4 {[%emt 0:00:22]} dxc4 {[%emt 0:00:00]} 22. Rec1 {[%emt 0:00:01]} Rac8 {[%emt 0:00:16]} 23. Rc3 {[%emt 0:00:22]} Rhd8 {[%emt 0:00:09]} 24. Rd1 {[%emt 0:00:56]} b5 {[%emt 0:00:04]} 25. b3 {[%emt 0:00:03]} cxb3 {[%emt 0:00:31]} 26. Rxb3 {[%emt 0:00:14]} a6 {[%emt 0:00:04]} 27. a4 {[%emt 0:00:12]} bxa4 {[%emt 0:00:18]} 28. Rb7+ {[%emt 0:00:26]} Rd7 {[%emt 0:00:03]} 29. Rb4 {[%emt 0:00:23]} a3 {[%emt 0:00:22]} 30. Ra4 {[%emt 0:00:02]} Rc3 {[%emt 0:00:30]} 31. Rxa6 {[%emt 0:00:03]} g5 {[%emt 0:00:09]} 32. Ra1 {[%emt 0:00:45]} Rxd4 {[%emt 0:00:13]} 33. R6xa3 {[%emt 0:00:01] MSteim67 bietet Remis MSteim67 bietet Remis MSteim67 bietet Remis} Rxa3 {[%emt 0:00:25]} 34. Rxa3 {[%emt 0:00:03]} Rd1+ {[%emt 0:00:02]} 35. Kh2 {[%emt 0:00:05]} g6 {[%emt 0:00:01]} 36. Rg3 {[%emt 0:00:26]} f6 {[%emt 0:01:14]} 37. exf6+ {[%emt 0:00:47]} Kxf6 {[%emt 0:00:00]} 38. Rf3+ {[%emt 0:00:05]} Kg7 {[%emt 0:00:25]} 39. Kg3 {[%emt 0:00:14]} Rd4 {[%emt 0:00:17]} 40. Re3 {[%emt 0:00:07]} Kf6 {[%emt 0:00:05]} 41. Rf3+ {[%emt 0:00:16]} Kg7 {[%emt 0:00:02]} 42. Re3 {[%emt 0:00:08]} Kf6 {[%emt 0:00:02]} 43. Rf3+ {[%emt 0:00:02]} Kg7 {[%emt 0:00:04] (Lag: Av=0.52s, max=1.0s) (Lag: Av=0.52s, max=1.0s) (Lag: Av=0.52s, max=1.0s)} 1/2-1/2

[Event "Stay Safe Play From Home slow tournament"]
[Site "Emanuel Lasker Arena"]
[Date "2020.08.29"]
[Round "1"]
[White "Emine Yanik"]
[Black "Dave_H"]
[Result "0-1"]
[WhiteElo "1620"]
[BlackElo "1868"]
[Annotator "NA"]
[PlyCount "62"]
[EventDate "2020.08.29"]
[EventType "swiss (rapid)"]
[BlackTeam "SK Vellmar"]

{- Halt, David (2088)} 1. d4 {[%emt 0:00:02]} f5 {[%emt 0:00:07]} 2. c4 {[%emt 0:00:09]} Nf6 {[%emt 0:00:15]} 3. Nc3 {[%emt 0:00:03]} d6 {[%emt 0:00:06]} 4. Nf3 {[%emt 0:00:09]} g6 {[%emt 0:00:10]} 5. e3 {[%emt 0:00:13]} Bg7 {[%emt 0:00:06]} 6. Bd3 {[%emt 0:00:11]} c6 {[%emt 0:01:01]} 7. O-O {[%emt 0:00:17]} Qc7 {[%emt 0:00:14]} 8. b4 {[%emt 0:00:59]} e5 {[%emt 0:00:13]} 9. dxe5 {[%emt 0:00:58]} dxe5 {[%emt 0:00:07]} 10. e4 {[%emt 0:00:09]} f4 {[%emt 0:00:06]} 11. b5 {[%emt 0:00:46]} O-O {[%emt 0:00:07]} 12. c5 {[%emt 0:00:41]} Kh8 {[%emt 0:00:32]} 13. a4 {[%emt 0:00:16]} Be6 {[%emt 0:00:14]} 14. Bb2 {[%emt 0:00:22]} Nbd7 {[%emt 0:00:06]} 15. Qe2 {[%emt 0:00:33]} Rfe8 {[%emt 0:00:24]} 16. Bc4 {[%emt 0:00:19]} Nxc5 {[%emt 0:01:58]} 17. Ng5 {[%emt 0:00:22]} h6 {[%emt 0:02:03]} 18. Nxe6 {[%emt 0:00:17]} Nxe6 {[%emt 0:00:04]} 19. a5 {[%emt 0:00:15]} Nd4 {[%emt 0:00:10]} 20. Qe1 {[%emt 0:00:20]} Nc2 {[%emt 0:00:32]} 21. Qe2 {[%emt 0:00:20]} Nxa1 {[%emt 0:00:04]} 22. Rxa1 {[%emt 0:00:06]} Rad8 {[%emt 0:00:24]} 23. b6 {[%emt 0:00:20]} axb6 {[%emt 0:00:03]} 24. axb6 {[%emt 0:00:01]} Qxb6 {[%emt 0:00:03]} 25. Bf7 {[%emt 0:00:01]} Re7 {[%emt 0:00:10]} 26. Bxg6 {[%emt 0:00:03]} Red7 {[%emt 0:00:14]} 27. Bc1 {[%emt 0:00:11]} Qb3 {[%emt 0:00:20]} 28. Bb2 {[%emt 0:01:57]} Rd2 {[%emt 0:00:08]} 29. Qf3 {[%emt 0:00:01]} Qxb2 {[%emt 0:00:27]} 30. Rf1 {[%emt 0:00:35]} R2d3 {[%emt 0:00:14]} 31. Qe2 {[%emt 0:00:10]} Qxc3 {[%emt 0:00:05] Emine Yanik gibt auf Emine Yanik gibt auf Emine Yanik gibt auf (Lag: Av=0.41s, max=0.7s) (Lag: Av=0.41s, max=0.7s) (Lag: Av=0.41s, max=0.7s)} 0-1